| LEADER | 03636nam a2200433 4500 | ||
|---|---|---|---|
| 999 | |c 14820 |d 14820 | ||
| 022 | |a 1859-0357 | ||
| 082 | |a 500 |b T109c | ||
| 100 | |a Trường Đại học Quy Nhơn | ||
| 242 | |a Journal of science | ||
| 245 | |a Tạp chí khoa học/Trường Đại học Quy Nhơn |c Trường Đại học Quy Nhơn | ||
| 260 | |a Quy Nhơn | ||
| 520 | |a | ||
| 653 | |a Khoa học | ||
| 653 | |a Tạp chí | ||
| 653 | |a Quy Nhơn | ||
| 942 | |2 ddc |c BTC |s 1 | ||
| 952 | |0 0 |1 0 |2 ddc |4 0 |6 500_000000000000000_T109C |7 0 |9 112966 |a qbu |b qbu |c D1 |d 2017-09-21 |o 500 T109c |p TC26.C1 |r 2017-09-21 |w 2017-09-21 |y BTC | ||
| 952 | |0 0 |1 0 |2 ddc |4 0 |6 500_000000000000000_T109C |7 0 |9 112967 |a qbu |b qbu |c D1 |d 2017-09-21 |o 500 T109c |p TC26.C2 |r 2017-09-21 |w 2017-09-21 |y BTC | ||
| 952 | |0 0 |1 0 |2 ddc |4 0 |6 500_000000000000000_T109C |7 0 |9 112968 |a qbu |b qbu |c D1 |d 2017-09-21 |o 500 T109c |p TC26.C3 |r 2017-09-21 |w 2017-09-21 |y BTC | ||
| 952 | |0 0 |1 0 |2 ddc |4 0 |6 500_000000000000000_T109C |7 0 |9 112969 |a qbu |b qbu |c D1 |d 2017-09-21 |o 500 T109c |p TC26.C4 |r 2017-09-21 |w 2017-09-21 |y BTC | ||
| 952 | |0 0 |1 0 |2 ddc |4 0 |6 500_000000000000000_T109C |7 0 |9 112970 |a qbu |b qbu |c D1 |d 2017-09-21 |o 500 T109c |p TC26.C5 |r 2017-09-21 |w 2017-09-21 |y BTC | ||
| 952 | |0 0 |1 0 |2 ddc |4 0 |6 500_000000000000000_T109C |7 0 |9 112971 |a qbu |b qbu |c D1 |d 2017-09-21 |o 500 T109c |p TC26.C6 |r 2017-09-21 |w 2017-09-21 |y BTC | ||
| 952 | |0 0 |1 0 |2 ddc |4 0 |6 500_000000000000000_T109C |7 0 |9 112972 |a qbu |b qbu |c D1 |d 2017-09-21 |o 500 T109c |p TC26.C7 |r 2017-09-21 |w 2017-09-21 |y BTC | ||
| 952 | |0 0 |1 0 |2 ddc |4 0 |6 500_000000000000000_T109C |7 0 |9 112973 |a qbu |b qbu |c D1 |d 2017-09-21 |o 500 T109c |p TC26.C8 |r 2017-09-21 |w 2017-09-21 |y BTC | ||
| 952 | |0 0 |1 0 |2 ddc |4 0 |6 500_000000000000000_T109C |7 0 |9 112974 |a qbu |b qbu |c D1 |d 2017-09-21 |o 500 T109c |p TC26.C9 |r 2017-09-21 |w 2017-09-21 |y BTC | ||
| 952 | |0 0 |1 0 |2 ddc |4 0 |6 500_000000000000000_T109C |7 0 |9 112975 |a qbu |b qbu |c D1 |d 2017-09-21 |o 500 T109c |p TC26.C10 |r 2017-09-21 |w 2017-09-21 |y BTC | ||
| 952 | |0 0 |1 0 |2 ddc |4 0 |6 500_000000000000000_T109C |7 0 |9 112976 |a qbu |b qbu |c D1 |d 2017-09-21 |o 500 T109c |p TC26.C11 |r 2017-09-21 |w 2017-09-21 |y BTC | ||
| 952 | |0 0 |1 0 |2 ddc |4 0 |6 500_000000000000000_T109C |7 0 |8 500 |9 113371 |a qbu |b qbu |c D1 |d 2017-10-11 |o 500 T109c |p TC26.C12 |r 2017-10-11 |w 2017-10-11 |y BTC | ||
| 952 | |0 0 |1 0 |2 ddc |4 0 |6 500_000000000000000_T109C |7 0 |8 500 |9 113372 |a qbu |b qbu |c D1 |d 2017-10-11 |o 500 T109c |p TC26.C13 |r 2017-10-11 |w 2017-10-11 |y BTC | ||
| 952 | |0 0 |1 0 |2 ddc |4 0 |6 500_000000000000000_T109C |7 0 |8 500 |9 113373 |a qbu |b qbu |c D1 |d 2017-10-11 |o 500 T109c |p TC26.C14 |r 2017-10-11 |w 2017-10-11 |y BTC | ||
| 952 | |0 0 |1 0 |2 ddc |4 0 |6 500_000000000000000_T109C |7 0 |8 500 |9 113374 |a qbu |b qbu |c D1 |d 2017-10-11 |o 500 T109c |p TC26.C15 |r 2017-10-11 |w 2017-10-11 |y BTC | ||
| 952 | |0 0 |1 0 |2 ddc |4 0 |6 500_000000000000000_T109C |7 0 |9 115303 |a qbu |b qbu |c D1 |d 2018-09-10 |o 500 T109c |p TC26.C16 |r 2018-09-10 |w 2018-09-10 |y BTC | ||
| 952 | |0 0 |1 0 |2 ddc |4 0 |6 500_000000000000000_T109C |7 0 |8 500 |9 116919 |a qbu |b qbu |c D1 |d 2019-05-23 |o 500 T109c |p TC26.c17 |r 2019-05-23 |w 2019-05-23 |y BTC | ||
| 952 | |0 0 |1 0 |2 ddc |4 0 |6 500_000000000000000_T109C |7 0 |8 500 |9 116920 |a qbu |b qbu |c D1 |d 2019-05-23 |o 500 T109c |p TC26.c18 |r 2019-05-23 |w 2019-05-23 |y BTC | ||
| 952 | |0 0 |1 0 |2 ddc |4 0 |6 500_000000000000000_T109C |7 0 |8 500 |9 116921 |a qbu |b qbu |c D1 |d 2019-05-23 |o 500 T109c |p TC26.c19 |r 2019-05-23 |w 2019-05-23 |y BTC | ||
| 952 | |0 0 |1 0 |2 ddc |4 0 |6 500_000000000000000_T109C |7 0 |8 500 |9 116922 |a qbu |b qbu |c D1 |d 2019-05-23 |o 500 T109c |p TC26.c20 |r 2019-05-23 |w 2019-05-23 |y BTC | ||
| 952 | |0 0 |1 0 |2 ddc |4 0 |6 500_000000000000000_T109C |7 0 |8 500 |9 116923 |a qbu |b qbu |c D1 |d 2019-05-23 |o 500 T109c |p TC26.c21 |r 2019-05-23 |w 2019-05-23 |y BTC | ||
| 952 | |0 0 |1 0 |2 ddc |4 0 |6 500_000000000000000_T109C |7 0 |8 500 |9 116924 |a qbu |b qbu |c D1 |d 2019-05-23 |o 500 T109c |p TC26.c22 |r 2019-05-23 |w 2019-05-23 |y BTC | ||